Waste Management as an Important Issue of EU Countries

Odpadové hospodárstvo a kvalita ovzdušia ako jedny z najväčších environmentálnych problémov na Slovensku a v Európskej únii. Medzinárodné ukazovatele úrovne dosiahnutých výsledkov v jednotlivých oblastiach životného prostredia. Miera recyklácie komunálneho odpadu a skládkovania na Slovensku a v EÚ....

Ausführliche Beschreibung

Gespeichert in:
Bibliographische Detailangaben
1. Verfasser: Staško, Martin, 1984-
Weitere Verfasser: Blaščák, Pavel, 1978-
Format: Buchkapitel
Sprache:Englisch
Schlagworte:
Tags: Tag hinzufügen
Keine Tags, Fügen Sie das erste Tag hinzu!

MARC

LEADER 00000naa$a2200000$$$4500
001 0272494
005 20240502074307.8
041 0 |a eng 
044 |a SK 
245 1 0 |a Waste Management as an Important Issue of EU Countries  |c Martin Staško, Pavel Blaščák 
520 |a Odpadové hospodárstvo a kvalita ovzdušia ako jedny z najväčších environmentálnych problémov na Slovensku a v Európskej únii. Medzinárodné ukazovatele úrovne dosiahnutých výsledkov v jednotlivých oblastiach životného prostredia. Miera recyklácie komunálneho odpadu a skládkovania na Slovensku a v EÚ. Narastajúca tvorba odpadu a nevhodné zneškodňovanie odpadu v kontexte dodržiavania predpisov EÚ. Zvyšovanie opätovného použitia použitých materiálov, efektívneho prístupu k spotrebe materiálov, zmena postojov verejnosti a vlády so zámerom zvýšenia dôrazu na environmentálne správanie či vzdelávanie a zdôrazňovania zberu a spracovania údajov s cieľom lepšieho formulovania budúcich opatrení. 
610 2 0 |a hospodárstvo odpadové 
610 2 0 |a odpad 
610 2 0 |a spracovanie odpadu 
610 2 0 |a recyklácia odpadu 
610 2 0 |a skládky odpadu 
610 2 0 |a ukazovatele 
610 2 0 |a politika environmentálna 
610 2 0 |a Európska únia 
610 2 0 |a Vyšehradská štvorka 
610 2 0 |a Slovensko 
100 1 |a Staško, Martin, 1984- 
700 1 |a Blaščák, Pavel, 1978-